Visualizzazione normale
Vista MARC
- Gaudino A.
di Personal Name
Records bibliografici associati: 1
001 - CONTROL NUMBER
- control field: 30566
003 - CONTROL NUMBER IDENTIFIER
- control field: IT-RoPau
005 - DATE AND TIME OF LATEST TRANSACTION
- control field: 20140618173423.0
008 - FIXED-LENGTH DATA ELEMENTS
- fixed length control field: 140618|| aca||aabn | a|a d
040 ## - CATALOGING SOURCE
- Original cataloging agency: IT-RoPau
- Transcribing agency: IT-RoPau
100 ## - HEADING--PERSONAL NAME
- Personal name: Gaudino A.
- Miscellaneous information: Codice autore testo/musica SPICS: 40161
- Relator term: Autore testo/musica
- Name of part/section of a work: Sarà - Ritorni - Un'altra città
670 ## - SOURCE DATA FOUND
- Source citation: Work cat.: (IT-RoPau)99193: AA.VV. 794, Cambia pelle